Master class : μαθήματα σκηνοθεσίας από τους σημαντικότερους σύγχρονους κινηματογραφιστές
Saved in:
| Main Author: | |
|---|---|
| Format: | Book |
| Language: | Greek English |
| Published: |
Αθήνα :
Πατάκη,
c2006.
|
| Series: | Κινηματογραφικές σπουδές (Πατάκης)
|
| Subjects: | |
| Tags: |
Add Tag
No Tags, Be the first to tag this record!
|
MARC
| LEADER | 00000cam a2200000 i 4500 | ||
|---|---|---|---|
| 001 | 1/40717 | ||
| 008 | 140124s2006 gr | ||| |||| ||gre|| | ||
| 020 | |a 9789601625171 | ||
| 035 | |l 10116438 | ||
| 040 | |a GR-MyUa |b gre |e AACR2 | ||
| 041 | 1 | |a gre |h eng | |
| 082 | 7 | |a 791.430233 |2 (22) | |
| 100 | 1 | |a Tirard, Laurent, |d 1967- | |
| 245 | 1 | 0 | |a Master class : |b μαθήματα σκηνοθεσίας από τους σημαντικότερους σύγχρονους κινηματογραφιστές / |c Laurent Tirard ; μετάφραση Αλκυόνη Τσέγκου ; επιμέλεια Εύα Στεφανή. |
| 260 | |a Αθήνα : |b Πατάκη, |c c2006. | ||
| 300 | |a 314 σ. : |b εικ. ; |c 21 εκ. | ||
| 490 | 1 | |a (ινηματογραφικές σπουδές / Πατάκης) | |
| 500 | |a Τίτλος πρωτοτύπου: Moviemakers' master class : private lessons from the world's foremost directors. | ||
| 650 | 4 | |a Motion pictures |x Production and direction. | |
| 650 | 4 | |a Motion picture producers and directors |x Interviews. | |
| 830 | 0 | |a Κινηματογραφικές σπουδές (Πατάκης) | |
| 852 | |a INST |b SYROS |c EUDOXUS |e 20140124 |h 791.430233 TIR |p 005500011288 |q 005500011288 |t EDX |y 0 | ||
| 901 | |a BIBL5-2013-1 | ||
| 920 | |a Εύδοξος |b Παραγγελία |y Σύρος-ΤΜΣΠΣ |z 2014-01 | ||
| 970 | |a Κοντού |b Παρασκευή |z 24/01/2014 | ||